[Event "Longueuil CC ch"]
[Site "Longueuil"]
[Date "2007.01.20"]
[Round "3"]
[White "Desgroseilliers, Roland"]
[Black "Dumont, Pierre"]
[Result "0-1"]
[WhiteElo "1443"]
[BlackElo "1285"]
[PlyCount "78"]
[EventDate "2007.01.??"]
[EventType "swiss"]
[EventRounds "5"]
[EventCountry "CAN"]
[SourceTitle "EXT 2022"]
[Source "ChessBase"]
[SourceDate "2021.10.06"]
[SourceVersion "1"]
[SourceVersionDate "2021.10.06"]
[SourceQuality "1"]

1. e4 c6 2. Nf3 d5 3. e5 Bf5 4. d4 e6 5. Be2 Bb4+ 6. Nbd2 Bxd2+ 7. Nxd2 Ne7 8. 0-0 0-0 9. Nf3 h6 10. Nh4 Bh7 11. Bd3 Nd7 12. Bxh7+ Kxh7 13. Qd3+ Kh8 14. f4 Ng8 15. f5 Qxh4 16. Rf4 Qe1+ 17. Rf1 Qe4 18. Qxe4 dxe4 19. f6 g6 20. Rf4 c5 21. c3 cxd4 22. cxd4 Nb6 23. b3 Nd5 24. Rh4 Kh7 25. Rxe4 Rac8 26. Bg5 hxg5 27. Rf1 Nh6 28. h4 gxh4 29. Rxh4 Ne3 30. Rf3 Nef5 31. Rhh3 Nxd4 32. Re3 Ndf5 33. Re4 Rc1+ 34. Kf2 g5 35. g4 Nh4 36. Rxh4 gxh4 37. g5 Nf5 38. Rg4 Kg6 39. Kg2 Ne3+ 0-1